• 首页
  • 本馆介绍
  • 公告通知
  • 最新文献
  • 馆藏检索
  • 电子资源
  • 读者导购
  • 参考咨询
  • 我的图书馆
  • 登录
  • 详细信息显示
  • 放入我的书架
  • 预约/预借图书
  • 作者相关作品
  • 分类相关作品
  • 丛书相关作品
  • 出版社相关作品

书目信息

  • 表格格式
  • 工作单格式
  • 卡片格式
题名:
界与面
    
 
作者: 郗鉴 编著
分册:  
出版信息: 北京   电子工业出版社  2015
页数: 199页
开本: 23cm
丛书名:
单 册:
中图分类: J062
科图分类:
主题词: 视觉设计
电子资源:
ISBN: 978-7-121-26126-8
000 01034nam0 2200253 450
001 351504
005 20161017154805.90
010    @a978-7-121-26126-8@dCNY59.80
100    @a20150715d2015 em y0chiy50 ea
101 0  @achi
102    @aCN@b110000
105    @aa z 000yy
106    @ar
200 1  @a界与面@e一本写给青春设计师的书@dThe boundary@ea book about how young designer grow and living@f郗鉴编著@zeng
210    @a北京@c电子工业出版社@d2015
215    @a199页@c图@d23cm
330    @a本书作者把自己毕业后北漂的重要经历分享给读者,教会年轻的设计师如何做好准备敲开门户网站的大门,如何在短期内迅速提升自己的职业技能,并坚持自己的梦想,只要努力,梦想一定能成真。该书涵盖了作者自身找工作和提高UI设计的经历、互联网公司流程以及框架、设计提高技巧、职业规划等诸多方面。
510 1  @aBoundary@ea book about how young designer grow and living@zeng
517 1  @a一本写给青春设计师的书
606 0  @a视觉设计
690    @aJ062@v5
701  0 @a郗鉴@4编著
801  0 @aCN@bTANGWEI@c20160820
905    @b0895010-4@dJ062@e313@f5
    
    界与面:一本写给青春设计师的书=The boundary:a book about how young designer grow and living/郗鉴编著.-北京:电子工业出版社,2015
    199页:图;23cm
    
    
    ISBN 978-7-121-26126-8:CNY59.80
    本书作者把自己毕业后北漂的重要经历分享给读者,教会年轻的设计师如何做好准备敲开门户网站的大门,如何在短期内迅速提升自己的职业技能,并坚持自己的梦想,只要努力,梦想一定能成真。该书涵盖了作者自身找工作和提高UI设计的经历、互联网公司流程以及框架、设计提高技巧、职业规划等诸多方面。
●
相关链接 在E读中查询图书 在五车中查询图书 在当当中查询图书 在豆瓣中查询图书


正题名:界与面     索取号:J062/313         预约/预借

序号 登录号 条形码 馆藏地/架位号 状态 备注
1 0895010   208950107   第一样本阅览室/ [索取号:J062/313] 在馆    
2 0895011   208950116   第一借阅区/ [索取号:J062/313] 在馆    
3 0895012   208950125   第一借阅区/ [索取号:J062/313] 在馆    
4 0895013   208950134   第一借阅区/ [索取号:J062/313] 在馆    
5 0895014   208950143   第一借阅区/ [索取号:J062/313] 在馆    
唐山师范学院图书馆 欢迎您!
大连网信软件有限公司© 版权所有